000 00687nam a2200241Ia 4500
003 OSt
005 20221005082902.0
006 a|||||r|||| 00| 0
007 ta
008 221004b |||||||| |||| 00| 0 eng d
024 _a66443
037 _cTextual
040 _aCRL
_cCRL
_beng
041 _2eng
_aeng
082 _aV73:21wM09, N0
100 _aOates Stepher B.
_9612213
245 0 _aWith matice toward none
_b The life of Abraham Lincoln
260 _aNew Delhi
_bTata McGraw Hill India
_c1990
300 _a492p.
_ccm.
650 _aUNITED STATES - HISTORY
_931585
942 _hV73:21wM09, N0
_cTEXL
_2cc
999 _c990002
_d990002